Colposcopia práctica : (Registro nro. 9874)

Detalles MARC
000 -LEADER
fixed length control field 01031nam a2200289 4500
001 - CONTROL NUMBER
control field 0000016009
003 - CONTROL NUMBER IDENTIFIER
control field CO-CtgCURN
005 - DATE AND TIME OF LATEST TRANSACTION
control field 20250529155746.0
007 - PHYSICAL DESCRIPTION FIXED FIELD--GENERAL INFORMATION
fixed length control field ta
008 - FIXED-LENGTH DATA ELEMENTS--GENERAL INFORMATION
fixed length control field 160627s2000 000 0 eng d
020 ## - INTERNATIONAL STANDARD BOOK NUMBER
International Standard Book Number 8445809504
040 ## - CATALOGING SOURCE
Original cataloging agency CO-CtgCURN
Language of cataloging spa
Transcribing agency coctgcurn
082 0# - DEWEY DECIMAL CLASSIFICATION NUMBER
Classification number 618.107
Item number S34c
100 1# - MAIN ENTRY--PERSONAL NAME
Personal name Sidl, Stefan.
245 10 - TITLE STATEMENT
Title Colposcopia práctica :
Remainder of title compendio y atlas /
Statement of responsibility, etc. Stefan Sidl.
260 ## - PUBLICATION, DISTRIBUTION, ETC.
Place of publication, distribution, etc. Madrid :
Name of publisher, distributor, etc. Legis,
Date of publication, distribution, etc. 2000.
300 ## - PHYSICAL DESCRIPTION
Extent 384 p.
336 ## - CONTENT TYPE
Source rdacontent
337 ## - MEDIA TYPE
Source rdamedia
Media type term sin mediacion
Media type code n
338 ## - CARRIER TYPE
Source rdacarrier
Carrier type term volumen
Carrier type code nc
500 ## - GENERAL NOTE
General note Incluye indice de capitulo.
505 8# - FORMATTED CONTENTS NOTE
Formatted contents note Introducción al metodo a la tecnica.--Diagnostico precoz del carcinoma de cuello uterino.--Diversos hallazgos colposcopicos de la portio.--Colposcopia diferencial.--La biopsia dirigida bajo control colposcopico
650 14 - SUBJECT ADDED ENTRY--TOPICAL TERM
Topical term or geographic name entry element Microscopia medica.
908 ## - PUT COMMAND PARAMETER (RLIN)
Put command parameter 160627
942 ## - ADDED ENTRY ELEMENTS (KOHA)
Koha item type Libros
Classification part 618.107
Item part S34c
Source of classification or shelving scheme Dewey Decimal Classification
Suppress in OPAC No
Existencias
Withdrawn status Lost status Source of classification or shelving scheme Damaged status Not for loan Collection Home library Current library Shelving location Date acquired Inventory number Total checkouts Full call number Barcode Date last seen Price effective from Koha item type Public note
    Dewey Decimal Classification     General Miguel Henríquez Emiliani Miguel Henríquez Emiliani General 03/29/2025 010090   618.107 S34c 010090 03/29/2025 03/29/2025 Libros 610-CIENME